Capitales mondiales par carte - Statistiques

Statistiques générales
  • Ce quiz a été pris 240 fois
  • Le résultat moyen est 110 sur 196
Réponses sur la Carte
Les réponses sont colorées sur une échelle allant du rouge au vert en fonction du pourcentage des utilisateurs qui les ont devinées à leur premier essai. Vous pouvez retrouver ces pourcentages ci-dessous.
 
Statistiques - réponses
pays capitale % Correct
Mexico Mexico
94%
France Paris
93%
United States Washington
93%
Spain Madrid
92%
Russia Moscou
92%
Portugal Lisbonne
91%
United Kingdom Londres
91%
Canada Ottawa
91%
Algeria Alger
89%
Germany Berlin
89%
China Pékin
89%
Italy Rome
89%
Ireland Dublin
88%
Argentina Buenos Aires
87%
India New Delhi
87%
Norway Oslo
87%
Brazil Brasilia
86%
Australia Canberra
86%
Japan Tokyo
85%
Tunisia Tunis
85%
Greece Athènes
84%
Egypt Le Caire
84%
Morocco Rabat
84%
Sweden Stockholm
83%
Poland Varsovie
83%
Romania Bucarest
82%
Hungary Budapest
82%
Peru Lima
82%
Ukraine Kiev
81%
Denmark Copenhague
80%
Iceland Reykjavik
80%
Switzerland Berne
79%
Belgium Bruxelles
79%
Finland Helsinki
79%
Chile Santiago
79%
Netherlands Amsterdam
77%
Turkey Ankara
77%
Colombia Bogotá
77%
South Korea Séoul
77%
Austria Vienne
77%
Cuba La Havane
76%
Czech Republic Prague
75%
Bolivia La Paz ou Sucre
74%
Panama Panama
74%
Latvia Riga
74%
Belarus Minsk
72%
Lithuania Vilnius
72%
South Africa Pretoria, Le Cap ou Bloemfontein
71%
Iran Téhéran
71%
Andorra Andorre-la-Vieille
70%
Senegal Dakar
70%
Indonesia Jakarta
70%
Bulgaria Sofia
70%
Estonia Tallinn
70%
Libya Tripoli
70%
New Zealand Wellington
70%
Croatia Zagreb
70%
Luxembourg Luxembourg
69%
Vatican City Vatican
69%
Iraq Bagdad
68%
Venezuela Caracas
68%
Israel Jérusalem
68%
Malta La Valette
68%
Philippines Manille
68%
Bosnia and Herzegovina Sarajevo
68%
Bangladesh Dacca
67%
Monaco Monaco
67%
Uruguay Montevideo
67%
Ecuador Quito
66%
Thailand Bangkok
65%
Syria Damas
65%
Mongolia Oulan-Bator
65%
Slovakia Bratislava
64%
Slovenia Ljubljana
64%
North Korea Pyongyang
64%
Saudi Arabia Riyad
63%
San Marino Saint-Marin
63%
Madagascar Antananarivo
62%
Paraguay Asunción
62%
Mali Bamako
62%
Serbia Belgrade
62%
Afghanistan Kaboul
62%
Albania Tirana
61%
Republic of the Congo Brazzaville
60%
Democratic Republic of the Congo Kinshasa
60%
United Arab Emirates Abou Dabi
58%
Vietnam Hanoï
58%
Pakistan Islamabad
58%
Kenya Nairobi
58%
Singapore Singapour
58%
Liechtenstein Vaduz
58%
North Macedonia Skopje
57%
Azerbaijan Bakou
56%
Moldova Chișinău
56%
Malaysia Kuala Lumpur
56%
Cyprus Nicosie
56%
Ethiopia Addis-Abeba
55%
Kazakhstan Nur-Sultan
55%
Cameroon Yaoundé
55%
Lebanon Beyrouth
54%
Armenia Erevan
54%
Nepal Katmandou
54%
Kuwait Koweït
54%
Sudan Khartoum
53%
Jamaica Kingston
53%
Guinea-Bissau Bissau
52%
Guatemala Guatemala
52%
Mauritania Nouakchott
52%
Montenegro Podgorica
52%
Kosovo Pristina
52%
Somalia Mogadiscio
51%
Costa Rica San José
51%
Jordan Amman
50%
Qatar Doha
50%
Oman Mascate
50%
Yemen Sanaa
50%
Laos Vientiane
50%
Ivory Coast Yamoussoukro
50%
Guinea Conakry
49%
Sierra Leone Freetown
49%
Guyana Georgetown
49%
Gabon Libreville
49%
Togo Lomé
49%
Haiti Port-au-Prince
49%
Georgia Tbilissi
49%
Nigeria Abuja
48%
Ghana Accra
48%
Bahamas Nassau
48%
Burkina Faso Ouagadougou
48%
Taiwan Taipei
48%
Niger Niamey
47%
El Salvador San Salvador
47%
Angola Luanda
46%
Honduras Tegucigalpa
45%
Central African Republic Bangui
44%
Djibouti Djibouti
44%
Uzbekistan Tachkent
44%
Benin Porto-Novo ou Cotonou
43%
Nicaragua Managua
42%
Cape Verde Praia
42%
Belize Belmopan
41%
Mauritius Port-Louis
41%
São Tomé and Príncipe São Tomé
41%
Kyrgyzstan Bichkek
40%
Sri Lanka Colombo
40%
Rwanda Kigali
40%
Mozambique Maputo
40%
Suriname Paramaribo
40%
Cambodia Phnom Penh
40%
Papua New Guinea Port Moresby
40%
Seychelles Victoria
40%
Namibia Windhoek
40%
Gambia Banjul
39%
East Timor Dili
39%
Dominican Republic Saint-Domingue
39%
Botswana Gaborone
38%
Liberia Monrovia
38%
Chad Ndjamena
38%
Maldives Malé
37%
Turkmenistan Achgabat
36%
Eritrea Asmara
36%
Zimbabwe Harare
36%
Tanzania Dodoma
35%
Brunei Bandar Seri Begawan
34%
South Sudan Djouba
34%
Tajikistan Douchanbé
34%
Saint Vincent and the Grenadines Kingstown
34%
Malawi Lilongwe
34%
Zambia Lusaka
34%
Bahrain Manama
34%
Trinidad and Tobago Port-d'Espagne
34%
Bhutan Thimphou
34%
Fiji Suva
33%
Uganda Kampala
32%
Comoros Moroni
32%
Grenada Saint George's
31%
Myanmar Naypyidaw
30%
Dominica Roseau
30%
Antigua and Barbuda Saint John's
30%
Nauru Yaren
28%
Samoa Apia
26%
Saint Lucia Castries
26%
Eswatini Mbabane
26%
Federated States of Micronesia Palikir
26%
Vanuatu Port-Vila
26%
Burundi Gitega
24%
Equatorial Guinea Malabo
24%
Lesotho Maseru
24%
Saint Kitts and Nevis Basseterre
23%
Barbados Bridgetown
23%
Tuvalu Funafuti
23%
Solomon Islands Honiara
23%
Kiribati Tarawa
21%
Tonga Nukuʻalofa
19%
Marshall Islands Majuro
18%
Palau Ngerulmud
17%
Aucun quiz correspondant
Distribution des résultats
% des personnes avec chaque résultat
Percentile par nombre de réponses
Votre historique - résultats
Vous n’avez pas pris ce quiz